Jalisco : nueve ensayos /

Guardat en:
Dades bibliogràfiques
Autor principal: Alvarez, José Rogelio (autor)
Altres autors: Alba Martín, Alfonso de (prólogo) (prólogo)
Format: Llibre
Idioma:espanyol
Publicat: Guadalajara, México : Tlacuilo, 1964, c1964
Matèries:
Etiquetes: Afegir etiqueta
Sense etiquetes, Sigues el primer a etiquetar aquest registre!

MARC

LEADER 00000nam^a2200000^a^4500
001 000131151
005 20250521000000.0
009 20260310095012.747
037 |a Acervo ITESO - Biblioteca 
041 |a ESP 
082 |a 972. 35  |b ALV 
100 |a Alvarez, José Rogelio  |e (autor) 
245 1 0 |a Jalisco :  |b nueve ensayos /  |c J.R. Alvárez ; pról. de A. de Alba Martín. 
264 4 |a Guadalajara, México :  |b Tlacuilo,  |c 1964, c1964 
300 |a 203 p. 
336 |a texto  |b txt  |2 rdacontenido 
337 |a sin mediación  |b n  |2 rdamedio 
338 |a volumen  |b nc  |2 rdasoporte 
649 |a XX 
650 |a Costas -  |z Jalisco 
650 |a Costas -  |z México 
650 |a Geografía -  |z Jalisco 
650 |a Geografía -  |z México 
650 |a Planeación Administrativa -  |z Jalisco 
650 |a Planeación Administrativa -  |z México 
650 |a Planeación Económica -  |z Jalisco 
650 |a Planeación Económica -  |z México 
650 |a Geología Submarina -  |z Jalisco 
650 |a Geología Submarina -  |z México 
650 |a Altos de Jalisco -  |x Condiciones Económicas 
650 |a Altos de Jalisco -  |x Condiciones Sociales y Culturales 
650 |a Educación y Desarrollo -  |z Jalisco 
650 |a Educación y Desarrollo -  |z México 
650 |a Agua Potable -  |z Guadalajara, Jalisco 
650 |a Jalisco -  |x Condiciones Económicas 
650 |a México -  |x Condiciones Económicas 
700 |a Alba Martín, Alfonso de  |e (prólogo) 
910 |a Fondo Salvador Reynoso Reynoso 
920 |a Impresos - Libros 
930 |a Fondos Especiales 
905 |a 112 
901 |a 0800014957  |b IT2  |c ESP  |u 20250521 
902 |a https://opac.biblio.iteso.mx/vufind/Record/000131151